Vybrané otázky z ekonomickoprávní problematiky ve vnitřním obchodě včetne metodiky zpracování diplomových prací

Salvato in:
Dettagli Bibliografici
Autore principale: Mráčková, Jitka
Ente Autore: Vysoká škola ekonomická v Praze. Obchodní fakulta
Natura: Libro
Lingua:ceco
Pubblicazione: Praha Státní pedagogické nakladatelství 1985
Edizione:1. vyd.
Tags: Aggiungi Tag
Nessun Tag, puoi essere il primo ad aggiungerne!!

MARC

LEADER 00000nam a2200000 4500
001 c029106
005 20221220080623.2
041 0 |a cze 
044 |a CZ 
245 1 0 |a Vybrané otázky z ekonomickoprávní problematiky ve vnitřním obchodě včetne metodiky zpracování diplomových prací  |c Jitka Mráčková 
250 |a 1. vyd. 
264 1 |a Praha  |b Státní pedagogické nakladatelství  |c 1985 
300 |a 104 s. 
100 1 |a Mráčková, Jitka 
710 2 |a Vysoká škola ekonomická v Praze. Obchodní fakulta